000 02236nam a22002417a 4500
001 65012
003 UA-OsUOA
005 20220525160744.0
007 ta
008 20091112b un ||||| |||| 00| 0 ukr d
040 _aUA-OsUOA
_bukr
_cUA-OsUOA
_dUA-OsUOA
041 _aukr
080 _a94:82.09(477.82)
090 _a94:82.09(477.82)
_bО-53
245 _aОлена Пчілка і родина Косачів в історії інтелектуальної еліти України та Волині
_bнауковий збірник
_pМинуле і сучасне Волині та Полісся
_nВип. 33
260 _aЛуцьк
_c2009
300 _a290 с.
520 3 _aУ науковому збірнику опубліковані доповіді і повідомлення науковців, краєзнавців, архівних, музейних та освітніх працівників з питань дослідження життя та діяльності відомої української письменниці, вченого, етнографа та громадського діяча Олени Пчілки (Ольги Петрівни Косач, 1849 - 1930), виголошені на Всеукраїнській історико-краєзнавчій науковій конференції в м. Луцьку та с. Колодяжному 30 червня - 1 липня 2009 року з нагоди 160-річчя від дня її народження і 60-річчя з часу створення Колодяжненського літературно-меморіального музею Лесі Українки. Окремий розділ присвячений дослідженням життя і творчості Лесі Українки та родини Косачів. В додатку подано ряд матеріалів І та ІІ обласних краєзнавчих літературно-педагогічних читань (2004, 2006 рр.).
650 7 _a9 Географія. Біографії. Історія
_2UDC
942 _cBK
_2udc
955 _a1
999 _c351118
_d351118